A user's guide to algebraic topology /

Guardado en:
Autor Principal: Dodson, C. T. J.
Otros Autores: Parker, Phillip E.
Formato: Libro
Idioma:English
Publicado: Dordrecht ; Boston : Kluwer Academic Publishers, c1997.
Series:Mathematics and its applications (Kluwer Academic Publishers) ; v. 387.
Materias:
Etiquetas: Agregar Etiqueta
Sin Etiquetas, Sea el primero en etiquetar este registro!
LEADER 00952pam a2200253 a 4500
001 MAT.inmabb006963
008 960916s1997####ne#a#####b####001#0#eng##
005 20170711181908.0
245 1 2 |a A user's guide to algebraic topology /  |c by C.T.J. Dodson and Phillip E. Parker. 
260 |a Dordrecht ;  |a Boston :  |b Kluwer Academic Publishers,  |c c1997. 
300 |a xii, 405 p. :  |b il. ;  |c 25 cm. 
490 1 |a Mathematics and its applications ;  |v v. 387 
504 |a Incluye referencias bibliográficas (p. 385-392) e índice. 
510 4 |a MR,  |c 97j:55001 
020 |a 0792342925 (HB : acid-free paper) 
020 |a 9780792342939 (softcover) 
100 1 |a Dodson, C. T. J. 
700 1 |a Parker, Phillip E. 
830 0 |a Mathematics and its applications (Kluwer Academic Publishers) ;  |v v. 387. 
650 0 |a Algebraic topology. 
084 |a 55-02 (57-02)  |2 msc2000 
010 |a  96043438  
040 |a DLC  |c DLC  |d DLC 
859 |h 55  |i D647  |p A-9125  |b BIB. MATEMATICA